Selected Short Stories (Record no. 5132)

000 -LEADER
fixed length control field 00394 a2200145 4500
020 ## - INTERNATIONAL STANDARD BOOK NUMBER
International Standard Book Number 1859580939
082 ## - DEWEY DECIMAL CLASSIFICATION NUMBER
Classification number 823.8
090 ## - LOCALLY ASSIGNED LC-TYPE CALL NUMBER (OCLC); LOCAL CALL NUMBER (RLIN)
-- 1171
-- 1171
100 ## - MAIN ENTRY--PERSONAL NAME
Personal name Hardy, Thomas
245 ## - TITLE STATEMENT
Title Selected Short Stories
Statement of responsibility, etc. Thomas Hardy
260 ## - PUBLICATION, DISTRIBUTION, ETC.
Place of publication, distribution, etc. London:
Name of publisher, distributor, etc. Tiger Books International,
Date of publication, distribution, etc. 1995.
300 ## - PHYSICAL DESCRIPTION
Extent vi, 486 p. ;
Dimensions 24 cm.
650 ## - SUBJECT ADDED ENTRY--TOPICAL TERM
Topical term or geographic name entry element Hardy, Thomas 1840-1928--Short stories.
942 ## - ADDED ENTRY ELEMENTS (KOHA)
Koha item type Book
Call number prefix 823.8 HAR
Holdings
Withdrawn status Lost status Damaged status Not for loan Collection code Permanent Location Current Location Shelving location Date acquired Source of acquisition Cost, normal purchase price Total Checkouts Total Renewals Full call number Barcode Date last seen Date last checked out Price effective from Koha item type
          Central Library (CL) Central Library (CL) Fiction 03/21/2002 Book Field 335.75 5 1 823.8 HAR SEECS001977 02/04/2026 12/28/2025 01/05/2017 Book
© 2023 Central Library, National University of Sciences and Technology. All Rights Reserved.